000 00430nam a2200193Ia 4500
003 0100
008 130303s9999 xx 000 0 und d
040 _cARRUPELIB
050 _aBJ21.M59 1993
245 _aMoral philosophy
245 _ba reader
260 _aCambridge
260 _bHackett publishing co.
260 _C1993
300 _a272p.
300 _b 23cm
700 _aPojman, Louis (ed)
942 _2lcc
_06
999 _c58961
_d58961